zpět

Detail výsledku týmu

The Pub Praha 2 ČT, Praha

Datum a čas kvízu

27.5 Celkem bodů Celkový počet nahraných bodů na tomto kvízu bez doplňovacích otázek.
14. Pořadí na kvízu Konečné umístění týmu na tomto kvízu.

Zaznamenané odpovědi

# Otázka Odpověď Body Výsledky
1. Tzv. Turistická sjezdovka na K... splašky 1
2. Francouzský europoslanec Rapha... socha Svobody 1
3. Minulý týden jsme se dozvěděli... o akvadukt 1
4. Americká společnost Alphabet,... Wiz 0
5. Uveďte název zimního střediska... Svatý Mořic/St. Moritz; paralelní obří slalom 0
6. Podíváme se na temné stránky d... A) Diviš Bořek z Miletínka 0
7. Doba pobělohorská znamenala zá... Obnovené zřízení zemské 0
8. První světová válka znamenala... Osmanská říše 0
9. V období tzv. Protektorátu se... Josef Balabán, Josef Mašín, Václav Morávek 0
10. Seřaďte tyto komunistické prez... 1A 2C 3D 4B 1